000 00644nas a2200217 4500
001 BR9103591
003 BR-BrBNA
005 20231205092119.0
007 ta
008 230509b bl.|||p| |||| 00| 00por d
040 _aBR-BrBNA
_bpor
_cBiblioteca Nacional de Agricultura
041 _a(Pt)
072 _aL51
100 1 _aLima, F.R. de
245 1 _aQuanto a frangos de corte [exigencia nutricional]
650 _aFRANGO DE CORTE
650 _aNUTRICAO ANIMAL
773 0 _tAvicultura Industrial (Brazil)
_xISSN 0101-2258
_g(Mar 1985), v. 75(903) p. 33-36
_wBR9103591
909 _a202311
_bLúcia
_c55
_dLúcia Elande
942 _2AGRIS
_n0
_cANA
999 _c129426
_d129426